000 00566nam a2200169Ia 4500
008 090201s9999 xx 000 0 und d
010 _aKPL-61028
040 _bमराठी
041 _aमराठी
082 _a999
_b61028
100 _aगजानन जागीरदार
245 _aअभिनय कसा करावा
_cगजानन जागीरदार
260 _c2004
_bइंडिया बुक कंपनी
300 _a188
_bमोठा
600 _aअभिनय कसा करावा
942 _cBOOK
999 _c202111
_d202111